000 00228 a2200097 4500
001 44303
100 _aLoper
245 _aBasic Electricity & Electronics
260 _aNew York
_bVan Nostrand Reinhald
_c
090 _c28047
_d28047
942 _aNUST-CAE
_cM
_c20055
999 _c279376
_d279376